| 000 | 01000nac a22002897a 4500 | ||
|---|---|---|---|
| 001 | BR8600058 | ||
| 003 | BR-BrBNA | ||
| 005 | 20240105120347.0 | ||
| 008 | 230509b bl.|||m| |||| 00| 0 por d | ||
| 040 |
_aBR-BrBNA _bpor _cBiblioteca Nacional de Agricultura |
||
| 072 | _aL73 | ||
| 090 | _a8310 BR8600058 | ||
| 100 | 1 | _aLiberal, M.H.T. | |
| 100 | 1 | _aThomas, J.E. | |
| 110 | 1 | _aEmpresa de Pesquisa Agropecuaria do Estado do Rio de Janeiro, Niteroi (Brasil) | |
| 245 | 1 | _aLesoes de carapaca em camarao de agua doce (Macrobrachium carcinus) | |
| 246 | 1 | _a[Carapace lesions in freshwater shrimp (Macrobrachium carcinus)] | |
| 260 | 3 |
_aNiteroi, RJ (Brasil): _c1985. |
|
| 300 | _a3 p. | ||
| 490 |
_aComunicado Tecnico - Empresa de Pesquisa Agropecuaria do Estado do Rio de Janeiro (Brazil) _vno. 151 _xISSN 0100-896X |
||
| 650 | _aCAMARAO PITU | ||
| 650 | _aCARAPACA | ||
| 650 | _aLESAO | ||
| 650 | _aBACTERIA | ||
| 909 |
_a202312 _bLúcia Elande _c55 _dLúcia Elande |
||
| 942 |
_2AGRIS _n0 _cMS |
||
| 999 |
_c279064 _d279064 |
||